Ricostruisci la Carriera del Calciatore - Rodrigo de Paul - Statistics

Statistiche generali
  • Questo quiz è stato fatto 10 volte
  • Il punteggio medio è 4 su 5
Statistiche sulle risposte
Hint Risposta % Corretto
2012-2014 Racing Club
100%
2021- Atlético Madrid
88%
2016-2021 Udinese
88%
2014-2016 Valencia
88%
2016 Racing Club
25%
Nessun quiz corrispondente trovato
Distribuzione punteggi
Percentuale di utenti per punteggio
Percentile per numero di risposta
I tuoi punteggi nel tempo
Non hai fatto questo quiz